Adventure in Costa Rica /

Bibliographic Details
Main Author: Lundberg, Donald E.
Format: Book
Language:English
Published: Tallahassee : Dixie Publishers, [1960]
Edition:[1st ed.].
Subjects:

MARC

Tag First Indicator Second Indicator Subfields
LEADER 00000cam a2200000 4500
001 in00000613482
005 20151015050223.0
008 730918s1960 tnuabc b 00110 eng
010 |a  65089519  
035 |a (OCoLC)00691045 
035 |9 ACS8690AM 
040 |c AKR  |d TXA  |d UtOrBLW 
049 |a TXAM  |c [451158] 
050 0 0 |a F1543.8  |b .L8 
100 1 |a Lundberg, Donald E. 
245 1 0 |a Adventure in Costa Rica /  |c by Donald E. Lundberg. 
250 |a [1st ed.]. 
264 1 |a Tallahassee :  |b Dixie Publishers,  |c [1960] 
264 4 |c ©1960 
300 |a 238 pages :  |b illustrations, maps, portraits ;  |c 23 cm. 
336 |a text  |b txt  |2 rdacontent 
337 |a unmediated  |b n  |2 rdamedia 
338 |a volume  |b nc  |2 rdacarrier 
504 |a Bibliography: pages 235-236. 
650 0 |a Americans  |z Costa Rica. 
651 0 |a Costa Rica  |x Civilization. 
999 |a MARS 
999 f f |s ecd5fecc-e417-3771-b47c-b3a98411de6d  |i 704c65a5-3363-3329-a73e-69b6ca5ab379  |t 0 
952 f f |p ric  |a Texas A&M University  |b Rellis Campus  |c Joint Library Facility  |d Remote Storage  |t 0  |e F1543.8 .L8  |h Library of Congress classification  |i unmediated -- volume  |m A14802354591 
998 f f |a F1543.8 .L8  |t 0  |l Remote Storage